[Event "Challenge"]
[Site "http://www.queenalice.com/game.php?id=379768"]
[Date "2008.3.31"]
[Round "-"]
[White "MasonC"]
[Black "ShahMaster"]
[Result "0-1"]
[WhiteElo "1838"]
[BlackElo "1898"]

1. d4 d5 2. c4 Nf6 3. cxd5 Nxd5 4. Nf3 e6 5. Qb3 Bd6 6. e3 a6 7. Nc3 c6 8. Bd3
Nxc3 9. Qxc3 a5 10. Bd2 Bb4 11. Qc2 Bxd2+ 12. Qxd2 b6 13. Rc1 Ba6 14. Bxa6 Rxa6
15. O-O O-O 16. Rc2 h6 17. Qd3 Ra7 18. Ne5 Qd6 19. Qe4 Rc7 20. Rfc1 c5 21. a3
Nd7 22. Nxd7 Rxd7 23. Rc4 Rdd8 24. Qc2 Qc6 25. dxc5 b5 26. Rg4 a4 27. Qc3 f6 28.
e4 Rf7 29. Qe3 g5 30. h3 Rfd7 31. Kh2 Rd3 32. Qf4 Kf7 33. Rxg5 hxg5 34. Qg4 Qc7+
35. g3 Qe5 36. Qh5+ Kg7 37. c6 Rxg3 0-1

[Event "Challenge"]
[Site "http://www.queenalice.com/game.php?id=380287"]
[Date "2008.4.1"]
[Round "-"]
[White "xSmashOrBeSmashedx"]
[Black "MasonC"]
[Result "1-0"]
[WhiteElo "1426"]
[BlackElo "1747"]

1. e4 d6 2. d4 Nf6 3. Bd3 e5 4. c3 Be7 5. Nf3 Bg4 6. Be3 O-O 7. Nbd2 Nbd7 8. O-O
c6 9. Nc4 b5 10. Ncd2 Qc7 11. a4 bxa4 12. Qxa4 Nb6 13. Qa5 Rfc8 14. dxe5 dxe5
15. Qxe5 Bd6 16. Qg5 Re8 17. Bxb6 axb6 18. Rxa8 Rxa8 19. e5 h6 20. Qf4 Bxe5 21.
Nxe5 Ra5 22. Ndc4 Rd5 23. Be4 Nxe4 24. Qxe4 b5 25. Nxg4 bxc4 26. Qxc4 Rf5 27.
Re1 Rf4 28. Qd3 Qc8 29. Ne5 1-0

[Event "Challenge"]
[Site "http://www.queenalice.com/game.php?id=383235"]
[Date "2008.4.6"]
[Round "-"]
[White "MasonC"]
[Black "Diego_Silveira"]
[Result "0-1"]
[WhiteElo "1783"]
[BlackElo "1887"]

1. d4 Nf6 2. c4 e6 3. Nf3 b6 4. Bg5 Be7 5. Nc3 Bb7 6. e3 Ne4 7. Nxe4 Bxe4 8. Bf4
d5 9. cxd5 exd5 10. Qa4+ Qd7 11. Qxd7+ Kxd7 12. Ne5+ Ke6 13. Rc1 c5 14. f3 Bg6
15. Bb5 a6 16. Be2 Nd7 17. Nxg6 hxg6 18. Bg3 Bg5 19. f4 Be7 20. a3 f5 21. Kf2 c4
22. Rc3 b5 23. Rhc1 a5 0-1

[Event "Challenge"]
[Site "http://www.queenalice.com/game.php?id=383240"]
[Date "2008.4.6"]
[Round "-"]
[White "MasonC"]
[Black "martusdog"]
[Result "0-1"]
[WhiteElo "1710"]
[BlackElo "1968"]

1. d4 Nf6 2. c4 g6 3. Nc3 Bg7 4. Nf3 d6 5. Bf4 Nh5 6. Be3 Nc6 7. g3 O-O 8. Bg2
Bf5 9. O-O a6 10. Qd2 e5 11. Rad1 Rb8 12. dxe5 dxe5 0-1

[Event "Challenge"]
[Site "http://www.queenalice.com/game.php?id=383241"]
[Date "2008.4.6"]
[Round "-"]
[White "MasonC"]
[Black "Semao"]
[Result "0-1"]
[WhiteElo "1718"]
[BlackElo "1921"]

1. d4 g6 2. e4 Bg7 3. Nf3 d6 4. Nc3 Nf6 5. Bf4 O-O 6. Bc4 Nh5 7. Be3 Nc6 8. O-O
Bg4 9. d5 Ne5 10. Be2 Bxf3 11. Bxf3 Nxf3+ 12. Qxf3 e5 13. Qe2 Nf6 14. Qd2 Ng4
15. Bg5 f6 16. Qe2 Nxh2 17. Kxh2 fxg5 0-1

[Event "Challenge"]
[Site "http://www.queenalice.com/game.php?id=383252"]
[Date "2008.4.6"]
[Round "-"]
[White "MasonC"]
[Black "Onceupon"]
[Result "0-1"]
[WhiteElo "1838"]
[BlackElo "1987"]

1. d4 Nf6 2. c4 g6 3. Nc3 d5 4. Nf3 Bg7 5. Bg5 Ne4 6. cxd5 Nxg5 7. Nxg5 e6 8.
Nf3 exd5 9. e3 O-O 10. g4 Bxg4 11. Rg1 Bxf3 12. Qxf3 c6 13. Bd3 Qd6 14. Qh1 Re8
15. O-O-O Nd7 16. h4 Nf6 17. Rde1 a5 18. f4 b5 19. f5 b4 20. Na4 Ne4 21. fxg6
fxg6 22. h5 Nf2 23. Qg2 Nxd3+ 0-1

[Event "AUTO-INT-703"]
[Site "http://www.queenalice.com/game.php?id=383878"]
[Date "2008.4.7"]
[Round "2"]
[White "Pinha"]
[Black "MasonC"]
[Result "1-0"]
[WhiteElo "2037"]
[BlackElo "1771"]

1. e4 d6 2. d4 Nf6 3. Nc3 e5 4. Nf3 exd4 5. Nxd4 Be7 6. Bd3 O-O 7. Be3 c5 8. Nf3
Be6 9. Ng5 Bg4 10. Nf3 Nc6 11. O-O Ne5 12. Be2 1-0

[Event "AUTO-INT-703"]
[Site "http://www.queenalice.com/game.php?id=383879"]
[Date "2008.4.7"]
[Round "2"]
[White "MasonC"]
[Black "Pinha"]
[Result "0-1"]
[WhiteElo "1766"]
[BlackElo "2042"]

1. d4 Nf6 2. c4 e6 3. Nf3 c6 4. Nc3 d5 5. Bg5 h6 6. Bh4 dxc4 7. e4 g5 8. Bg3 b5
9. Be2 b4 10. Nb1 Nxe4 11. Bxc4 Nxg3 12. fxg3 Bg7 0-1

[Event "AUTO-ADV-979"]
[Site "http://www.queenalice.com/game.php?id=436686"]
[Date "2008.7.21"]
[Round "1"]
[White "axedre"]
[Black "MasonC"]
[Result "1-0"]
[WhiteElo "1892"]
[BlackElo "1620"]

1. e4 d6 2. d4 Nf6 3. Nc3 e5 4. dxe5 dxe5 5. Qxd8+ Kxd8 6. Bg5 Be6 7. O-O-O+ Kc8
8. Nf3 Nbd7 9. Be2 c6 10. Rd2 Kc7 11. Rhd1 Bb4 12. Bxf6 gxf6 13. Bc4 Rad8 14.
Bxe6 fxe6 15. Rd3 1-0

[Event "AUTO-ADV-979"]
[Site "http://www.queenalice.com/game.php?id=436687"]
[Date "2008.7.21"]
[Round "1"]
[White "MasonC"]
[Black "axedre"]
[Result "0-1"]
[WhiteElo "1626"]
[BlackElo "1886"]

1. d4 c5 2. Nf3 d5 3. Nc3 Nf6 4. Bf4 Bg4 5. e3 Nc6 6. Be2 e6 7. O-O Qb6 8. Rb1
Bxf3 9. Bxf3 cxd4 10. exd4 Nxd4 11. Be3 Nxf3+ 12. Qxf3 d4 13. Na4 Qb4 14. Bxd4
Qxd4 15. Qxb7 Rd8 16. Nc3 Be7 0-1

[Event "AUTO-ADV-979"]
[Site "http://www.queenalice.com/game.php?id=436700"]
[Date "2008.7.21"]
[Round "1"]
[White "Fredov"]
[Black "MasonC"]
[Result "1-0"]
[WhiteElo "1795"]
[BlackElo "1668"]

1. e4 d6 2. d4 Nf6 3. Nc3 e5 4. dxe5 dxe5 5. Qxd8+ Kxd8 6. Bg5 Be6 7. Bxf6+ gxf6
8. O-O-O+ Kc8 9. g3 Bc5 10. f4 Nd7 11. Nd5 c6 12. Nc3 1-0

[Event "AUTO-ADV-979"]
[Site "http://www.queenalice.com/game.php?id=436701"]
[Date "2008.7.21"]
[Round "1"]
[White "MasonC"]
[Black "Fredov"]
[Result "0-1"]
[WhiteElo "1680"]
[BlackElo "1783"]

1. d4 Nf6 2. c4 e5 3. dxe5 Ng4 4. e4 Nxe5 5. f4 Nec6 6. Nf3 d6 7. Nc3 Bg4 8. Be2
Nd7 9. O-O Qf6 10. Be3 h5 11. Qc2 h4 0-1

[Event "AUTO-ADV-980"]
[Site "http://www.queenalice.com/game.php?id=437145"]
[Date "2008.7.22"]
[Round "1"]
[White "chapichapo"]
[Black "MasonC"]
[Result "1-0"]
[WhiteElo "1853"]
[BlackElo "1643"]

1. e4 d6 2. d4 Nf6 3. Nc3 e5 4. d5 c6 5. Bg5 Be7 6. Bc4 cxd5 7. Bxf6 Bxf6 8.
Bxd5 O-O 9. Nf3 Nc6 10. O-O Be6 11. Nb5 a6 12. Nc3 1-0

[Event "AUTO-ADV-980"]
[Site "http://www.queenalice.com/game.php?id=437146"]
[Date "2008.7.22"]
[Round "1"]
[White "MasonC"]
[Black "chapichapo"]
[Result "0-1"]
[WhiteElo "1651"]
[BlackElo "1845"]

1. d4 Nf6 2. c4 e6 3. Nc3 Bb4 4. a3 Bxc3+ 5. bxc3 Ne4 6. Qc2 d5 7. cxd5 Qxd5 8.
e3 O-O 9. Bd3 Nxc3 10. Bxh7+ Kh8 11. Nf3 Nb5 12. Be4 Qd6 0-1

[Event "AUTO-ADV-980"]
[Site "http://www.queenalice.com/game.php?id=437157"]
[Date "2008.7.22"]
[Round "1"]
[White "policialsergio"]
[Black "MasonC"]
[Result "1-0"]
[WhiteElo "1835"]
[BlackElo "1651"]

1. e4 d6 2. d4 Nf6 3. Nc3 e5 4. dxe5 dxe5 5. Qxd8+ Kxd8 6. Bg5 Be6 7. O-O-O+ Kc8
8. Nf3 Nbd7 9. Bh4 Bb4 10. Bxf6 gxf6 11. Nd5 Bc5 12. Rd2 1-0

[Event "AUTO-ADV-980"]
[Site "http://www.queenalice.com/game.php?id=437158"]
[Date "2008.7.22"]
[Round "1"]
[White "MasonC"]
[Black "policialsergio"]
[Result "0-1"]
[WhiteElo "1651"]
[BlackElo "1848"]

1. d4 Nf6 2. c4 g6 3. Nc3 d5 4. Nf3 Bg7 5. Bf4 O-O 6. e3 Bg4 7. Be2 e6 8. cxd5
exd5 9. O-O Nbd7 10. Ne5 Bxe2 11. Qxe2 c6 12. Rac1 Nxe5 0-1

[Event "AUTO-ADV-980"]
[Site "http://www.queenalice.com/game.php?id=437163"]
[Date "2008.7.22"]
[Round "1"]
[White "BIGJACK"]
[Black "MasonC"]
[Result "1-0"]
[WhiteElo "1825"]
[BlackElo "1615"]

1. e4 d6 2. d4 Nf6 3. Bg5 Nxe4 4. Bf4 Bf5 5. f3 Nf6 6. Nc3 Nc6 7. a3 e5 8. dxe5
dxe5 9. Bd2 Bc5 10. Nge2 O-O 11. Ng3 1-0

[Event "AUTO-ADV-980"]
[Site "http://www.queenalice.com/game.php?id=437164"]
[Date "2008.7.22"]
[Round "1"]
[White "MasonC"]
[Black "BIGJACK"]
[Result "0-1"]
[WhiteElo "1635"]
[BlackElo "1816"]

1. d4 Nf6 2. c4 d5 3. cxd5 Qxd5 4. Nc3 Qd8 5. Nf3 e6 6. Bf4 Bd6 7. Bxd6 cxd6 8.
e3 O-O 9. Bd3 d5 10. O-O Nc6 11. Qc2 Nb4 0-1